000 00807nam a2200301Ia 4500
001 94202
003 IT-RoPAU
008 130308s9999 xx 000 0 und d
040 _aIT-RoPAU
040 _cIT-RoPAU
041 _aSPAGNOLO
100 _aCozarinsky Edgardo
100 _gCodice Aut. SPICS: 15306
245 _aImprevisible futuro de Medvedkin (El)
245 _bCine como propaganda Politica (El)
250 _a4a ed.
260 _aMEXICO
260 _bSiglo XXI
260 _c1987 [1° Ed.:1973 - Ed.Ling.Originale:1973]
300 _a"7 p. (prefazione: 7; testo: )"
500 _aImprevedibile futuro di Medvedkin Introduzione al Volume
650 _aSAGGI SUL CINEMA
650 _eCodice materia Spics: 6811
942 _cBK
957 _71
999 _c55416
_d55416
999 _bSI
999 _g1